Normal view
MARC view
Entry Meeting Name
001 - CONTROL NUMBER
- control field: 41717
003 - CONTROL NUMBER IDENTIFIER
- control field: ARRUPE
005 - DATE AND TIME OF LATEST TRANSACTION
- control field: 20180510125543.0
008 - FIXED-LENGTH DATA ELEMENTS
- fixed length control field: 180510|| aca||aabn | a|a d
040 ## - CATALOGING SOURCE
- Original cataloging agency: ARRUPE
- Transcribing agency: ARRUPE
111 ## - HEADING--MEETING NAME
- Meeting name or jurisdiction name as entry element: Ateliers de la pensée
- Number of part/section/meeting: (1st :
- Date of meeting: 2016 :
- Location of meeting: Dakar, Senegal)
670 ## - SOURCE DATA FOUND
- Source citation: Work cat.: (ARRUPE)0: Ateliers de la pensée (1st : 2016 : Dakar, Senegal), Écrire l'Afrique-monde :, 2017